logo

Bir Sreshtho Munshi Abdur Rouf Library
Jhenaidah Cadet College

A text book on Co-Ordinate Geometry with Vector Analysis : (Record no. 6578)

MARC details
000 -LEADER
fixed length control field 00642nam a2200217 a 4500
001 - CONTROL NUMBER
JCCL Control Number 6578
003 - CONTROL NUMBER IDENTIFIER
JCCL marc code BD-JhCC
005 - DATE AND TIME OF LATEST TRANSACTION
control field 20180217105446.0
008 - FIXED-LENGTH DATA ELEMENTS--GENERAL INFORMATION
fixed length control field 180125b2009 bg |||| |||| 000 0 eng d
035 ## - SYSTEM CONTROL NUMBER
system control number (BD-JhCC)
040 ## - CATALOGING SOURCE
Original cataloging agency BD-JhCC
Modifying agency BD-JhCC
041 ## - LANGUAGE CODE
Language code of Book eng
082 ## - DEWEY DECIMAL CLASSIFICATION NUMBER
Classification number 516
Author mark and Year RAH 2009
100 ## - MAIN ENTRY--PERSONAL NAME
Personal name Rahman, A. F. M. Abdur
245 ## - TITLE STATEMENT
Title A text book on Co-Ordinate Geometry with Vector Analysis :
Remainder of title two and three dimensions /
Statement of responsibility, etc A. F. M. Abdur Rahman and P. K. Bhattacharjee
260 ## - PUBLICATION, DISTRIBUTION, ETC. (IMPRINT)
Place of publication, distribution, etc Dhaka:
Name of publisher, distributor, etc New Book Palace;
Date of publication, distribution, etc 2009
300 ## - PHYSICAL DESCRIPTION
Pagination 176 p;,
Dimensions 24 cm
650 ## - SUBJECT ADDED ENTRY--TOPICAL TERM
Topical term or geographic name as entry element Vector analysis
700 ## - ADDED ENTRY--PERSONAL NAME
Personal name Bhattacharjee, P. K.
942 ## - ADDED ENTRY ELEMENTS (KOHA)
Source of classification or shelving scheme Dewey Decimal Classification
Koha item type Books
Holdings
Source of classification or shelving scheme Damaged status Not for loan Home library Current library Shelving location Date of accession Cost, normal purchase price Total Checkouts Full call number Barcode Date last seen Copy number Koha item type
Dewey Decimal Classification     JCC Rouf Library JCC Rouf Library General Stacks 01/25/2018 200.00   516 RAH 2009 7879 01/25/2018 C-1 Books

JCC Library | Contacts | JCC Home

Last Update on 23 September 2017
Copyright @ 2017-2020 JCC Rouf Library
Rouf Library, Jhenidah Cadet College (JCC), Bangladesh